Planeamiento estratégico para el Aseguramiento de la Calidad en la Dirección Nacional de Desarrollo Social y Asignaciones Familiares. Componente No. 2 Capacitación en Aseguramiento de la Calidad Sesiones de Capacitación y Sensibilización
Enregistré dans:
| Auteur principal: | |
|---|---|
| Autres auteurs: | , |
| Format: | Livre |
| Langue: | Spanish |
| Publié: |
[San José, Costa Rica]: Universidad de Costa Rica, Escuela de Ingeniería Industrial. Instituto de Investigaciones en Ingeniería. Programa de Investigaciones y Desarrollo en Ingeniería Industrial. Fundación para el Desarrollo de la Investigación
1998
|
| Tags: |
Ajouter un tag
Pas de tags, Soyez le premier à ajouter un tag!
|
MARC
| LEADER | 00000nam a2200000Ia 4500 | ||
|---|---|---|---|
| 003 | PI0041 | ||
| 005 | 20240422110150.0 | ||
| 008 | 140114s1998 cr a 000 ||spa d | ||
| 040 | |c cru CEDI | ||
| 100 | |a Sibaja Quesada, Oscar |9 1725 | ||
| 245 | |a Planeamiento estratégico para el Aseguramiento de la Calidad en la Dirección Nacional de Desarrollo Social y Asignaciones Familiares. Componente No. 2 Capacitación en Aseguramiento de la Calidad Sesiones de Capacitación y Sensibilización | ||
| 260 | |a [San José, Costa Rica]: Universidad de Costa Rica, Escuela de Ingeniería Industrial. Instituto de Investigaciones en Ingeniería. Programa de Investigaciones y Desarrollo en Ingeniería Industrial. Fundación para el Desarrollo de la Investigación |c 1998 | ||
| 700 | |a Castro Arias, Armando |9 2969 | ||
| 700 | |a Quesada Solano, Carlos |9 2970 | ||
| 942 | |c PI |h PI-41 |i PI0041 |6 PI_41_PI0041 | ||
| 999 | |c 13039 |d 13039 | ||
